Global journal of environmental sciences (Record no. 38215)

MARC details
000 -LEADER
fixed length control field 00448nam a2200157Ia 4500
022 ## - INTERNATIONAL STANDARD SERIAL NUMBER
ISSN 15966194
050 ## - CALL MARK
Classification number GE 1 .G57/
245 #0 - TITLE STATEMENT
Title Global journal of environmental sciences
260 ## - PUBLICATION, DISTRIBUTION, ETC. (IMPRINT)
Place of publication Calabar
260 ## - PUBLICATION, DISTRIBUTION, ETC. (IMPRINT)
Year of publication 2011
300 ## - PHYSICAL DESCRIPTION
Number of Pages 60 p. : ill. ; 28 cm.
650 ## - SUBJECT ADDED ENTRY--TOPICAL TERM
Topical Term Environmental sciences--Nigeria--Periodicals. Environmental sciences--Periodicals.
942 ## - ADDED ENTRY ELEMENTS (KOHA)
Koha item type Serials

No items available.